Loading...

Master panfish book, Department of fisheries, Kerala,2002

Bibliographic Details
Format: Printed Book
LEADER 00414nam a2200193 4500
020
082
100
245 |a Master panfish book, Department of fisheries, Kerala,2002 
250
260
300
490
500
590 |a Sajana  |b 2011-04-25 12:24:42 
650
942 |c BK 
999 |c 101796  |d 101796 
952 |0 0  |1 0  |4 0  |7 0  |9 115264  |a AQU  |b AQU  |l 0  |p AQUP122  |r 2019-09-25  |w 2019-09-25  |y BK